书目信息 |
| 题名: |
巧用你的录音机
|
|
| 作者: | 陈维伦 编著 | |
| 分册: | ||
| 出版信息: | 香港 [不祥] 1977 |
|
| 页数: | 130页 | |
| 开本: | 19cm | |
| 丛书名: | ||
| 单 册: | ||
| 中图分类: | TN646 | |
| 科图分类: | ||
| 主题词: | 电声器件 | |
| 电子资源: | ||
| ISBN: | ||
| 000 | 00479nam0 2200181 45 | |
| 001 | 0405180917 | |
| 005 | 20060814083824.35 | |
| 010 | @dCNY0.50 | |
| 100 | @a20040518d1977 km y0chiy0120 ea | |
| 101 | 0 | @achi |
| 200 | 1 | @a巧用你的录音机@AQiao Yong Ni De Lu Yin Ji@f陈维伦编著@FChen Wei Lun Bian Zhu |
| 210 | @a香港@c[不祥]@d1977 | |
| 215 | @a130页@c插图@d19cm | |
| 606 | 0 | @a电声器件 |
| 690 | @aTN646@v3 | |
| 701 | 0 | @a陈维伦@4编著 |
| 801 | @aCN@bTSTCL@c20060814 | |
| 905 | @dTN646@e12 | |
| 巧用你的录音机/陈维伦编著.-香港:[不祥],1977 |
| 130页:插图;19cm |
| ISBN :CNY0.50 |
| ● |
| 相关链接 |
|
|
|
|
正题名:巧用你的录音机
索取号:TN646/12
 
预约/预借
| 序号 | 登录号 | 条形码 | 馆藏地/架位号 | 状态 | 备注 |
| 1 | 0058137 | 001355009 | 密集书库/ [索取号:TN646/12] | 在馆 | |
| 2 | 0058138 | 001354171 | 密集书库/ [索取号:TN646/12] | 在馆 | |
| 3 | 0058139 | 001931342 | 密集书库/ [索取号:TN646/12] | 在馆 | |
| 4 | 0058140 | 202326786 | 密集书库/ [索取号:TN646/12] | 在馆 | |
| 5 | 0058141 | 001355045 | 第三借阅区/ [索取号:TN646/12] | 在馆 | |
| 6 | 0058142 | 001354091 | 密集书库/ [索取号:TN646/12] | 在馆 | |
| 7 | 0058143 | 202326795 | 密集书库/ [索取号:TN646/12] | 在馆 | |
| 8 | 0058144 | 001354135 | 第二样本阅览室/ [索取号:TN646/12] | 在馆 | |
| 9 | 0457993 | 204579937 | 密集书库/ [索取号:TN646/12] | 在馆 |